<?xml version="1.0" encoding="UTF-8"?>
<collection xmlns="http://www.loc.gov/MARC21/slim">
    <record>
        <controlfield tag="001">46411</controlfield>
        <controlfield tag="005">20170831220538.0</controlfield>
        <datafield tag="037" ind1=" " ind2=" ">
            <subfield code="a">GDOC-2010-0868</subfield>
        </datafield>
        <datafield tag="041" ind1=" " ind2=" ">
            <subfield code="a">spa</subfield>
        </datafield>
        <datafield tag="100" ind1=" " ind2=" ">
            <subfield code="0">(orcid)0000-0001-7805-3354</subfield>
            <subfield code="a">Jiménez Martínez, Julio Antonio</subfield>
        </datafield>
        <datafield tag="245" ind1="0" ind2="0">
            <subfield code="9">61618</subfield>
            <subfield code="a">Las nuevas tecnologías de la información en las relaciones comerciales (C.I.M.)</subfield>
        </datafield>
        <datafield tag="260" ind1=" " ind2=" ">
            <subfield code="a">Zaragoza</subfield>
            <subfield code="b">Universidad de Zaragoza</subfield>
            <subfield code="c">2010-2011</subfield>
        </datafield>
        <datafield tag="520" ind1=" " ind2=" ">
            <subfield code="a">Este curso ofrece una perspectiva de la importancia que las TIC tienen para la gestión comercial de la empresa, partiendo de su influencia en la Economía y en la gestión de la empresa. Asimismo, se presentan diversas herramientas TIC utilizadas por las empresas en su actividad comercial: EDI,CRM, Internet. Por último, el curso analiza los factores que han llevado a la adopción y aceptación de estas herramientas, tanto desde el punto de vista de las empresas (respecto a softwares de gestión, EDI, Internet), como de los consumidores (comercio electrónico),</subfield>
        </datafield>
        <datafield tag="521" ind1=" " ind2=" ">
            <subfield code="9">621</subfield>
            <subfield code="a">Máster Universitario en Gestión de las Organizaciones</subfield>
        </datafield>
        <datafield tag="540" ind1=" " ind2=" ">
            <subfield code="a">by-nc-sa</subfield>
            <subfield code="b">Creative Commons</subfield>
            <subfield code="c">3.0</subfield>
            <subfield code="u">http://creativecommons.org/licenses/by-nc-sa/3.0/</subfield>
        </datafield>
        <datafield tag="700" ind1=" " ind2=" ">
            <subfield code="0">(orcid)0000-0002-8491-594X</subfield>
            <subfield code="a">Martín De Hoyos, María José</subfield>
        </datafield>
        <datafield tag="700" ind1=" " ind2=" ">
            <subfield code="0">(orcid)0000-0003-0752-3202</subfield>
            <subfield code="a">Hernández Ortega, Blanca Isabel</subfield>
        </datafield>
        <datafield tag="830" ind1=" " ind2=" ">
            <subfield code="9">340</subfield>
        </datafield>
        <datafield tag="856" ind1="4" ind2=" ">
            <subfield code="s">82435</subfield>
            <subfield code="u">http://zaguan.unizar.es/record/46411/files/guia.pdf</subfield>
            <subfield code="y">Guía (idioma español)</subfield>
        </datafield>
        <datafield tag="980" ind1=" " ind2=" ">
            <subfield code="a">GDOC</subfield>
            <subfield code="b">Ciencias sociales</subfield>
            <subfield code="c">101</subfield>
        </datafield>
    </record>

    
</collection>